000 00251nam a22000977a 4500
008 160507b xxu||||| |||| 00| 0 eng d
041 _aeng
080 _a616.31
245 _aIntroduction to Dental public health:
_cPublic health service;
942 _2udc
_cBK
999 _c1909
_d1909